Das Handwerkszeug des Fotografen : In 60 Workshops zu besseren Fotos /

Bibliographic Details
Main Author: DuChemin, David (Author)
Format: eBook
Language:German
Published: Heidelberg : dpunkt.verlag, [2015]
Edition:1. Auflage.
Subjects:
Online Access:Connect to the full text of this electronic book

MARC

Tag First Indicator Second Indicator Subfields
LEADER 00000cam a2200000Ii 4500
001 in00004667521
006 m o d
007 cr unu||||||||
008 150901s2015 gw a of 001 0 ger d
005 20260123225459.3
020 |z 9783864902994 
020 |a 9781457195662 
020 |a 1457195666 
020 |a 9783864907660 
020 |a 9783864907653 
020 |a 9783864907646 
020 |a 3864902991 
020 |a 9783864902994 
020 |a 3864907667 
020 |a 9783864907661 
020 |a 3864907659 
020 |a 9783864907654 
020 |a 3864907640 
020 |a 9783864907647 
035 |a (OCoLC)919515563 
037 |a CL0500000636  |b Safari Books Online 
040 |a UMI  |b eng  |e rda  |e pn  |c UMI  |d OCLCF  |d COO  |d VT2  |d WYU  |d OCLCO  |d OCLCQ 
041 1 |a ger  |h eng 
049 |a TXAM 
050 4 |a TR146 
100 1 |a DuChemin, David,  |e author. 
240 1 0 |a Visual Toolbox : 60 lessons for stronger photographs.  |l German 
245 1 4 |a Das Handwerkszeug des Fotografen :  |b In 60 Workshops zu besseren Fotos /  |c David DuChemin. 
250 |a 1. Auflage. 
264 1 |a Heidelberg :  |b dpunkt.verlag,  |c [2015] 
264 4 |c Ã2015 
300 |a 1 online resource (1 volume) :  |b illustrations 
336 |a text  |b txt  |2 rdacontent 
337 |a computer  |b c  |2 rdamedia 
338 |a online resource  |b cr  |2 rdacarrier 
588 |a Description based on online resource; title from title page (Safari, viewed August 25, 2015). 
500 |a Originally published in English as: The visual toolbox: 60 lessons for stronger photographs by New Riders, c2015. 
500 |a Includes index. 
650 0 |a Photography  |x Technique  |v Handbooks, manuals, etc. 
650 0 |a Composition (Photography) 
650 6 |a Photographie  |x Technique  |v Guides, manuels, etc. 
650 6 |a Composition (Photographie) 
650 7 |a Composition (Photography)  |2 fast  |0 (OCoLC)fst00871774 
650 7 |a Photography  |x Technique.  |2 fast  |0 (OCoLC)fst01061842 
655 7 |a Handbooks and manuals.  |2 fast  |0 (OCoLC)fst01423877 
776 0 8 |i Print version:  |a DuChemin, David.  |t Handwerkszeug des fotografen : in 60 workshops zu besseren fotos.  |b 1. Auflage.  |d Heidelberg, Germany : Dpunkt.verlag, 2015  |z 9783864902994 
856 4 0 |u https://proxy.library.tamu.edu/login?url=https://go.oreilly.com/TAMU/library/view/-/9781457195662/?ar  |z Connect to the full text of this electronic book  |t 0 
955 |a Safari/O'Reilly ebooks 
994 |a 92  |b TXA 
999 f f |s e2023cbb-aa65-4f06-92c9-0cae02337a09  |i 5fa6595c-c4d0-44c2-af8b-fd6d125e2adb  |t 0 
952 f f |a Texas A&M University  |b College Station  |c Electronic Resources  |s www_evans  |d Available Online  |t 0  |e TR146   |h Library of Congress classification 
998 f f |a TR146   |t 0  |l Available Online